| 000 | 00585nam a2200193Ia 4500 | ||
|---|---|---|---|
| 005 | 20250326130912.0 | ||
| 008 | 250326s9999 xx 000 0 und d | ||
| 020 | _a1-55775-992-8 | ||
| 037 | _aTextbook | ||
| 040 |
_aFMSL _beng _cFMSL |
||
| 041 |
_aeng _2eng |
||
| 084 |
_aX.44 P1 _qFMSL |
||
| 100 |
_aCallen Tim Ed. _9665200 |
||
| 245 | 0 |
_aIndia at the crossroads : Sustaining growth and reducing poverty _cCallen Tim And Others Ed. |
|
| 260 |
_aUSA _bUSA, International Monetary Fund _c2001 |
||
| 300 | _aix,192 | ||
| 942 |
_cTB _hX.44 P1 |
||
| 999 |
_c1284615 _d1284615 |
||